000
00292nam a2200121Ia 4500
008
190722s9999 xx 000 0 und d
020
_a
978-1-4739-1620-3
100
_a
Nicholas Walliman
245
0
_a
Social Research Methods
260
_a
New Delhi
_b
SAGE
_c
2016
300
_a
254
942
_c
BK
999
_c
705
_d
705